Statystyki dla Wyrazy zakończone na -anna

Kliknij tutaj aby rozwiązać quiz!

Ogólne statystyki

  • Ten quiz został rozwiązany 116 razy
  • Średni wynik to 8 z 47

Statystyki odpowiedzi

HintOdpowiedź% Poprawnych
5-literowewanna
90%
5-literowepanna
77%
5-literowemanna
76%
5-literoweranna
64%
5-literowekanna
51%
5-literowesanna
51%
7-literoweporanna
40%
8-literowemarzanna
35%
8-literowefontanna
29%
7-literowehosanna
29%
7-literowesawanna
18%
9-literowedziewanna
17%
9-literowebrytfanna
16%
11-literowekwarantanna
16%
8-literowenieranna
15%
8-literowestaranna
15%
7-literowezaranna
15%
10-literowenieporanna
11%
7-literowenaganna
10%
7-literowesutanna
10%
10-literowenieustanna
9%
8-literowewaćpanna
9%
8-literowenadranna
7%
10-literoweprzedranna
7%
9-literoweprzyranna
7%
9-literowezachłanna
7%
7-literowehawanna
6%
10-literowenienaganna
6%
11-literoweniestaranna
6%
7-literowecoranna
5%
11-literowejaśniepanna
5%
12-literoweniezachłanna
5%
10-literoweniezaranna
5%
7-literowealkanna
4%
9-literowebergmanna
4%
10-literowebezustanna
4%
11-literowehampelmanna
4%
12-literoweminifontanna
4%
13-literoweniebezustanna
4%
10-literoweniecoranna
4%
14-literoweniekwarantanna
4%
11-literowenienadranna
4%
12-literowenieotchłanna
4%
13-literowenieprzedranna
4%
12-literowenieprzyranna
4%
9-literoweotchłanna
3%
10-literowejadermanna
1%

Rozkład punktacji

Percentyl według liczby udzielonych odpowiedzi

Procent ludzi z każdym wynikiem

Twoja historia wyników

Nie rozwiązałeś tego quizu